000
00236nam a2200109Ia 4500
005
20251222141833.0
008
251222s9999||||xx |||||||||||||| ||spa||
082
_a
918.529/P87
245
0
_a
Ayacucho:
264
_b
Prom-PerĂº
942
_c
LIB
999
_c
7168
_d
7168